<?xml version="1.0" encoding="UTF-8"?>
<record
    xmlns:xsi="http://www.w3.org/2001/XMLSchema-instance"
    xsi:schemaLocation="http://www.loc.gov/MARC21/slim http://www.loc.gov/standards/marcxml/schema/MARC21slim.xsd"
    xmlns="http://www.loc.gov/MARC21/slim">

  <leader>01774nam a2200349   4500</leader>
  <controlfield tag="001">113461</controlfield>
  <controlfield tag="003">DR-UNIBE</controlfield>
  <controlfield tag="005">20250806062552.0</controlfield>
  <controlfield tag="008">250416b2024    dr ||||| |||| 00| 0 spa d</controlfield>
  <datafield tag="020" ind1=" " ind2=" ">
    <subfield code="a">9789945251111</subfield>
  </datafield>
  <datafield tag="040" ind1=" " ind2=" ">
    <subfield code="a">BIBLIOTECA UNIBE</subfield>
    <subfield code="b">spa</subfield>
    <subfield code="c">BIBLIOTECA UNIBE</subfield>
    <subfield code="e">rda</subfield>
  </datafield>
  <datafield tag="041" ind1=" " ind2=" ">
    <subfield code="a">spa</subfield>
  </datafield>
  <datafield tag="082" ind1=" " ind2=" ">
    <subfield code="2">22</subfield>
    <subfield code="a">RD 972.93053 G215c 2024</subfield>
  </datafield>
  <datafield tag="100" ind1="1" ind2="0">
    <subfield code="a">Garc&#xED;a Michel, Eduardo,</subfield>
    <subfield code="d">1946-</subfield>
    <subfield code="e">autor</subfield>
    <subfield code="9">81139</subfield>
  </datafield>
  <datafield tag="245" ind1="1" ind2="3">
    <subfield code="a">El complot que tumb&#xF3; al jefe /</subfield>
    <subfield code="c"> Eduardo Garc&#xED;a Michel ; pr&#xF3;logo: Jos&#xE9; Rafael Lantigua ; cuidado de la edici&#xF3;n por el &#xC1;rea de Publicaciones ; diagramaci&#xF3;n por Yahaira Fern&#xE1;ndez V&#xE1;squez ; dise&#xF1;o de portada por Yenifer de la Rosa ; motivo de cubierta por Cubierta tipogr&#xE1;fica</subfield>
  </datafield>
  <datafield tag="250" ind1=" " ind2=" ">
    <subfield code="a">Primera edici&#xF3;n</subfield>
  </datafield>
  <datafield tag="260" ind1=" " ind2=" ">
    <subfield code="a">Santo Domingo : </subfield>
    <subfield code="b">Archivo General de la Naci&#xF3;n (AGN),</subfield>
    <subfield code="c">2024</subfield>
  </datafield>
  <datafield tag="300" ind1=" " ind2=" ">
    <subfield code="a">374 p&#xE1;ginas : </subfield>
    <subfield code="b">fotos b/n ;</subfield>
    <subfield code="c">22 x 15 cm</subfield>
  </datafield>
  <datafield tag="490" ind1=" " ind2=" ">
    <subfield code="a">Archivo General de la Naci&#xF3;n ;</subfield>
    <subfield code="v">486</subfield>
  </datafield>
  <datafield tag="500" ind1=" " ind2=" ">
    <subfield code="a">Informaci&#xF3;n del autor en las solapas y comentario de la obra</subfield>
  </datafield>
  <datafield tag="600" ind1=" " ind2="7">
    <subfield code="a">Trujillo Molina, Rafael Leonidas,</subfield>
    <subfield code="d">1891-1961</subfield>
    <subfield code="9">39608</subfield>
    <subfield code="v">Pol&#xED;tica y gobierno</subfield>
  </datafield>
  <datafield tag="650" ind1=" " ind2="7">
    <subfield code="2">lemb</subfield>
    <subfield code="a"> Asesinato</subfield>
    <subfield code="z">Rep&#xFA;blica Dominicana</subfield>
    <subfield code="9">195763</subfield>
  </datafield>
  <datafield tag="650" ind1=" " ind2="7">
    <subfield code="2">lemb</subfield>
    <subfield code="a"> Conspiraciones -- Rep&#xFA;blica Dominicana </subfield>
    <subfield code="9">195764</subfield>
  </datafield>
  <datafield tag="650" ind1=" " ind2="7">
    <subfield code="2">lemb</subfield>
    <subfield code="a">Revolucionarios </subfield>
    <subfield code="z">Rep&#xFA;blica Dominicana</subfield>
    <subfield code="9">10453</subfield>
  </datafield>
  <datafield tag="650" ind1=" " ind2="7">
    <subfield code="2">lemb</subfield>
    <subfield code="a"> Rep&#xFA;blica Dominicana </subfield>
    <subfield code="x">Historia</subfield>
    <subfield code="y">Era de Trujillo, 1930-1961</subfield>
    <subfield code="9">9302</subfield>
  </datafield>
  <datafield tag="700" ind1="1" ind2="0">
    <subfield code="a">Fern&#xE1;ndez V&#xE1;squez, Yahaira</subfield>
    <subfield code="9">155947</subfield>
    <subfield code="e">diagramador</subfield>
  </datafield>
  <datafield tag="700" ind1="1" ind2="0">
    <subfield code="a">Rosa, Yenifer  de la </subfield>
    <subfield code="e">dise&#xF1;ador de portada</subfield>
    <subfield code="9">195765</subfield>
  </datafield>
  <datafield tag="700" ind1=" " ind2="0">
    <subfield code="a">Lantigua, Jos&#xE9; Rafael,</subfield>
    <subfield code="d">1949 -2025</subfield>
    <subfield code="e">prologuista</subfield>
    <subfield code="9">8906</subfield>
  </datafield>
  <datafield tag="710" ind1="2" ind2="0">
    <subfield code="a">Cubierta tipogr&#xE1;fica</subfield>
    <subfield code="9">194386</subfield>
    <subfield code="e">cubierta</subfield>
  </datafield>
  <datafield tag="710" ind1="2" ind2="0">
    <subfield code="a">Archivo General de la Naci&#xF3;n (AGN)</subfield>
    <subfield code="b">&#xC1;rea de publicaciones</subfield>
    <subfield code="9">194325</subfield>
    <subfield code="e">cuidado de la edici&#xF3;n</subfield>
  </datafield>
  <datafield tag="942" ind1=" " ind2=" ">
    <subfield code="2">ddc</subfield>
    <subfield code="c">BK</subfield>
  </datafield>
  <datafield tag="999" ind1=" " ind2=" ">
    <subfield code="c">113461</subfield>
    <subfield code="d">113461</subfield>
  </datafield>
  <datafield tag="952" ind1=" " ind2=" ">
    <subfield code="0">0</subfield>
    <subfield code="1">0</subfield>
    <subfield code="2">ddc</subfield>
    <subfield code="7">0</subfield>
    <subfield code="8">GEN-RD</subfield>
    <subfield code="a">Principal</subfield>
    <subfield code="d">2025-04-28</subfield>
    <subfield code="l">0</subfield>
    <subfield code="o">RD 972.93053 G215c 2024</subfield>
    <subfield code="p">250438</subfield>
    <subfield code="r">2025-04-16 15:46:42</subfield>
    <subfield code="t">Ej. 1</subfield>
    <subfield code="w">2025-04-16</subfield>
    <subfield code="y">BK</subfield>
  </datafield>
  <datafield tag="952" ind1=" " ind2=" ">
    <subfield code="0">0</subfield>
    <subfield code="1">0</subfield>
    <subfield code="2">ddc</subfield>
    <subfield code="7">0</subfield>
    <subfield code="8">GEN-RD</subfield>
    <subfield code="a">Principal</subfield>
    <subfield code="d">2025-04-28</subfield>
    <subfield code="l">0</subfield>
    <subfield code="o">RD 972.93053 G215c 2024</subfield>
    <subfield code="p">250439</subfield>
    <subfield code="r">2025-04-16 15:47:20</subfield>
    <subfield code="t">Ej. 2</subfield>
    <subfield code="w">2025-04-16</subfield>
    <subfield code="y">BK</subfield>
  </datafield>
</record>
